Říhovský, Jiří. Die Lanzen-, Speer-, und Pfeilspitzen in Mähren. - Stuttgart : Steiner. - 1996 [Rezension]
| Titel: | Říhovský, Jiří. Die Lanzen-, Speer-, und Pfeilspitzen in Mähren. - Stuttgart : Steiner. - 1996 [Rezension] |
|---|---|
| Verfasser: | |
| In: |
Prähistorische Zeitschrift, Band 75 (2000), Seite 245-248 alle Artikel anzeigen |
| Veröffentlicht: | 2000 |
| Format: | Aufsatz |
| Sprache: | Deutsch |
X
alg: 39512442
001A $01999:12-11-16
001B $01999:04-08-21 $t21:05:36.000
001D $01999:12-11-16
001U $0utf8
001X $00
002@ $0Aox
003@ $0395124425
007A $0395124425 $aHEB
007T $0Herd36269
010@ $ager
011@ $a2000
021A $aŘíhovský, Jiří. Die @Lanzen-, Speer-, und Pfeilspitzen in Mähren. - Stuttgart : Steiner. - 1996 [Rezension]
028A $aHänsel $dBernhard
031A $d75 $h245-248 $j2000
039B $aIn $8--Abvc--. Prähistorische Zeitschrift. - Berlin {[u.a.] : de Gruyter, 1909-. - ISSN 0079-4848 $x200000000750000755 $9047249722
039T $8--Aau--Říhovský, Jiří [Tnd]. Die @Lanzen-, Speer-, und Pfeilspitzen in Mähren. - Stuttgart : Steiner, 1996. - XII, 168, 38 Seiten. - Diagramme, Kt. - ISBN 3-515-06635-7 $9051726874
045F $a900.94371 $eDDC23BSB
045F/01 $a900
045F/03 $g4371
045T $a6,11
lok: 39512442 78
exp: 39512442 78 1 #EPN
201B/01 $026-11-17 $t03:59:56.000
201U/01 $0utf8
203@/01 $0791423077
208@/01 $a12-11-16 $be
209A/01 $a/ $f000 $x00
220C/01 $aTitelaufnehmer: jk
244Z/01 $#Tschechien $#Tschechische Republik $#Tschechische Republik $#Tschechenland $#Tschechei Tschechien $#Česká Republika $#Czech Republic $#ČR $74303381-7 $8--Tg1--Tschechien $x01 $9086659812
244Z/01 $2Trx $#Böhmen $#Bohemia $#Czechy $8--Trx--Čechy $x02 $9391188941
244Z/01 $2Trx $#arvustused $#recenzijos $#Reviews $#recenziók $#recenzje $#recenzie $#recenze $8--Trx--Rezensionen $x03 $9391357441
247C/01 $82080>Marburg/Lahn, Herder-Institut, Forschungsbibliothek, Bibliographieportal $9336309341
| LEADER | 00000caa a22000002c 4500 | ||
|---|---|---|---|
| 001 | 395124425 | ||
| 003 | DE-603 | ||
| 005 | 20210804210536.0 | ||
| 007 | tu | ||
| 008 | 161112s2000 xx |||| | u00||u|ger c | ||
| 035 | |a (DE-599)HEB395124425 | ||
| 040 | |a DE-603 |b ger |c DE-603 |d DE-603 | ||
| 041 | |a ger | ||
| 082 | 0 | 4 | |8 1\u |a 900.94371 |q DE-101 |2 23/BSB |
| 084 | |a 6,11 |2 ssgn | ||
| 085 | |8 1\u |b 900 | ||
| 085 | |8 1\u |z 2 |s 4371 | ||
| 100 | 1 | |a Hänsel, Bernhard | |
| 245 | 0 | 0 | |a Říhovský, Jiří. Die Lanzen-, Speer-, und Pfeilspitzen in Mähren. - Stuttgart : Steiner. - 1996 [Rezension] |
| 264 | 0 | |c 2000 | |
| 773 | 0 | 8 | |i In |t Prähistorische Zeitschrift |d Berlin [u.a.] : de Gruyter, 1909- |x 0079-4848 |g Band 75 (2000), Seite 245-248 |w (DE-603)047249722 |w (DE-600)200096-9 |
| 787 | 0 | 8 | |i Rezension von |a Říhovský, Jiří |t Die Lanzen-, Speer-, und Pfeilspitzen in Mähren |d Stuttgart : Steiner, 1996 |h XII, 168, 38 Seiten, Diagramme, Kt |z 3515066357 |w (DE-603)051726874 |
| 924 | 0 | |9 2080 |a (DE-603)791423077 |b DE-2080 |c HES |d d |g / | |


